Normal view
MARC view
Entry Personal Name
001 - CONTROL NUMBER
- control field: 88879
003 - CONTROL NUMBER IDENTIFIER
- control field: dpl
005 - DATE AND TIME OF LATEST TRANSACTION
- control field: 20260413142911.0
008 - FIXED-LENGTH DATA ELEMENTS
- fixed length control field: 260413|| aca||aabn | a|a d
040 ## - CATALOGING SOURCE
- Original cataloging agency: dpl
- Transcribing agency: dpl
100 ## - HEADING--PERSONAL NAME
- Personal name: Kaul, H.K
670 ## - SOURCE DATA FOUND
- Source citation: Work cat.: (dpl)189419: Knowledge, Library and Information Networking Naclin 2013/, 2014
